000
00282nam a22001337a 4500
008
180820b xxu||||| |||| 00| 0 eng d
020
_a
9780312247881
041
_a
eng
080
_a
37
100
_a
49
101
_a
EDU
245
_a
MAKING IT WORK
_c
DIYANI.R
942
_2
udc
_c
BK
999
_c
47238
_d
47238